Héros de Xenoblade Chronicles 3 - Statistiques

Statistiques générales
  • Ce quiz a été pris 29 fois
    24 depuis la dernière actualisation
  • Le résultat moyen est 18 sur 21
Statistiques - réponses
Par images Réponse % Correct
Nia, Reine d'Agnus
100%
Zeon, le Soldat zélé
100%
Melia, Reine de Keves
95%
Monica, le Rempart de la Cité
95%
Cammuravi, le Flamboyant
89%
Ethel, Mante d'Argent
89%
Fiona, le Fier-étendard
89%
Ghondor, le Poing ravageur
89%
Ino, la Lame artificielle
89%
Isurd, le Héros de l'Aube
89%
Miyabi, la Mélodieuse
89%
Riku et Manana, duopon
89%
Triton, le Rebelle
89%
Alexandria, l'Artisane
84%
Ashera, la Lame éternelle
84%
Gray, le Pelage Gris
84%
Juniper, l'Arc Fantôme
84%
Valdi, l'Artificier
84%
Maitre, l'Insondable
74%
Rizette, la Machine à tuer
68%
Masha, la Lapidaire
58%
Aucun quiz correspondant
Distribution des résultats
% des personnes avec chaque résultat
Percentile par nombre de réponses
Votre historique - résultats
Vous n’avez pas pris ce quiz depuis la dernière actualisation